banner-ar

مقالات فى الاشتراكية القابية (هديه من الآديب عبدالفتاح الجمل) / (Record no. 42841)

MARC details
000 -الفاتح
حقل البيانات ثابتة الطول 00638nam a2200193Ia 4500
008 - عناصر البيانات ثابتة الطول - معلومات عامة
حقل البيانات ثابتة الطول 140319s9999 xx 000 0 ara d
040 ## - مصدر الفهرسة
وكالة الفهرسة الأصلية GCL /
وكالة النسخ GCL
082 04 - رقم تصنيف ديوى العشرى
رقم التصنيف 320.5312
رقم المادة ب م
100 1# - المدخل الرئيسى - إسم شخصى
الإسم الشخصى برنارد شو
245 10 - بيان العنوان
العنوان مقالات فى الاشتراكية القابية (هديه من الآديب عبدالفتاح الجمل) /
بيان المسئوليه,etc برنارد شو
700 1# - المدخل الاضافى - اسم شخصى
الإسم الشخصى محمد عبدالله الشفقى
300 ## - الوصف المادى
التعداد 293
490 ## - بيان السلسلة
عنوان السلسلة اخترنا لك
رقم المجلد/ التعيين التسلسلي 0
650 04 - المدخل الاضافى بالموضوع-مصطلح موضوعى
مصطلح موضوعي السياسة
650 04 - المدخل الاضافى بالموضوع-مصطلح موضوعى
مصطلح موضوعي الاشتراكية المذاهب
650 04 - المدخل الاضافى بالموضوع-مصطلح موضوعى
مصطلح موضوعي الاشتراكية القابية
942 ## - عناصر المدخل الإضافي( كوها)
مصدر التصنيف او مخطط الترفيف Dewey Decimal Classification
Koha [default] item type كتاب
Holdings
حالة التراجع حالة الفقد حالة تلف ليس للاعارة المكان المؤقت الموقع الحالى تاريخ الاكتساب اجمالي اﻻعارات رقم الطلب الباركود تاريخ اخر مشاهدة تاريخ تفعيل السعر نوع وعاء كوها
        مكتبة القاهرة الكبرى مكتبة القاهرة الكبرى 03/26/2014   320.5312\ب م 103492 03/26/2014 03/26/2014 كتاب

Powered By

EGPV